000 01118nam a2200313 i 4500
003 EG-GICUC
005 20260415230428.0
008 260405s1866 fr |||fr|||| 001 0 fre d
040 _aEG-GiCUC
_bfre
_cEG-GiCUC
_dEG-GiCUC
_eRda
041 0 _afre
_hfre
082 0 4 _221
_a343.3
_bHÉ . T
092 0 4 _221
099 _aLaw1 10 343.3 1866 HÉ . T
100 1 _a Hélie, Faustin,
_eAuteur
245 _aTraité de l’instruction criminelle :
_b théorie du code d'instruction criminelle.
_nTome Troisième,
_pDe La Police Judiciaire /
_cM. Faustin Hélie.
250 _aDeuxieme Édition
264 _a Paris :
_bHenri Plon, imprimeur-éditeur,
_c1866.
300 _a533 page ;
_c 24 cm.
_billustration ;
336 _2rda contenu
_a texte
337 _2rda medias
_aOrdinateur
338 _2 transporteur rda
_a Ressource en ligne
504 _aBibliography: pages 200-250. 240-220
650 1 _aDroit De Pénal
_2qrmak
650 1 _aDroit De Procédure Pénale
_2qrmak
651 1 _2qrmak
856 4 0 _uhttps://fll.law.cu.edu.eg/fulltext/bks/B10-08976.pdf
905 _a54
_eYara
942 _2ddc
_cBK
_e21
_n0
999 _c69216
_d69216